Study Guide to accompany Principles of Corp. Finance : (Record no. 609603)

MARC details
000 -LEADER
fixed length control field 00508nam a2200181 a 4500
001 - CONTROL NUMBER
control field 1769854927991
003 - CONTROL NUMBER IDENTIFIER
control field YourLibrary
005 - DATE AND TIME OF LATEST TRANSACTION
control field 20260131162126.0
008 - FIXED-LENGTH DATA ELEMENTS--GENERAL INFORMATION
fixed length control field 260131s2007##################000#0#eng##
020 ## - INTERNATIONAL STANDARD BOOK NUMBER
International Standard Book Number 9780073287010
082 04 - DEWEY DECIMAL CLASSIFICATION NUMBER
Classification number 332
Item number BRE
040 ## - CATALOGING SOURCE
Original cataloging agency YourLibrary
Language of cataloging eng
Transcribing agency YourLibrary
100 1# - MAIN ENTRY--PERSONAL NAME
Personal name Brealey, Richard,
Relator term author.
245 10 - TITLE STATEMENT
Title Study Guide to accompany Principles of Corp. Finance :
260 ## - PUBLICATION, DISTRIBUTION, ETC.
Name of publisher, distributor, etc. McGraw-Hill/Irwin,
Date of publication, distribution, etc. 2007.
650 #0 - SUBJECT ADDED ENTRY--TOPICAL TERM
Topical term or geographic name entry element Business & Economics.
942 ## - ADDED ENTRY ELEMENTS (KOHA)
Koha item type English Books
Holdings
Withdrawn status Lost status Damaged status Not for loan Home library Current library Shelving location Date acquired Total Checkouts Full call number Barcode Date last seen Price effective from Koha item type
        Anna Centenary Library Anna Centenary Library 4TH FLOOR, A WING 31.01.2026   332 BRE 404182 31.01.2026 31.01.2026 English Books

Find us on the map